header

Creating database-backed library Web pages (Record no. 220418)

MARC details
000 -LEADER
fixed length control field 01528nam a2200337 a 4500
082 04 - DEWEY DECIMAL CLASSIFICATION NUMBER
Classification number 006.7/6
100 1# - MAIN ENTRY--AUTHOR NAME
Personal name Westman, Stephen R.
245 10 - TITLE STATEMENT
Title Creating database-backed library Web pages
260 ## - PUBLICATION, DISTRIBUTION, ETC. (IMPRINT)
Place of publication Chicago :
Name of publisher American Library Association,
Year of publication 2006.
300 ## - PHYSICAL DESCRIPTION
Number of Pages xii, 268 p. :
Other physical details ill.
505 0# - FORMATTED CONTENTS NOTE
Formatted contents note Introduction -- Databases basics -- Setup and administration -- Introduction to programming -- Creating reports -- Project design -- Programming the application -- Security-related techniques -- Creating public interfaces -- Development procedures.
650 #0 - SUBJECT ADDED ENTRY--TOPICAL TERM
Topical Term Library Web sites
Topical Term Web databases.
Topical Term Web site development.
Topical Term Open source software.
856 40 - ELECTRONIC LOCATION AND ACCESS
Uniform Resource Identifier http://site.ebrary.com/lib/rucke/Doc?id=10194638

No items available.

© 2026 Rongo University
Contact us: librarian | system librarian | Rongo university